000 00389nam a2200157Ia 4500
003 LK-CoDNM
008 010623t1954 xxu||||| |||| 00| 1 eng d
040 _aLK-CoDNM
_dLK-CoDNM
_eLK-CoDNM
041 _aeng
080 _a77(038) LA
245 _aLa France illustree : ALBI Cordes
260 _bAlpina
_aParis
_c1954
300 _b64p,ill., 08 cm
650 _aPhotography
942 _cBK
999 _c103407
_d103407